[Event "Challenge"]
[Site "http://www.queenalice.com/game.php?id=1862649"]
[Date "2025.9.6"]
[Round "-"]
[White "simonjscott"]
[Black "PaulMSains"]
[Result "1-0"]
[WhiteElo "2176"]
[BlackElo "2070"]

1. d4 d5 2. c4 Bf5 3. Nf3 Nf6 4. Nc3 e6 5. Bg5 Be7 6. e3 O-O 7. Qb3 b6 8. Bxf6
Bxf6 9. cxd5 exd5 10. Nxd5 c6 11. Nxf6+ Qxf6 12. Be2 Be6 13. Qc3 Bd5 14. O-O Nd7
15. Rfe1 c5 16. Rac1 Rac8 17. b3 cxd4 18. Qxd4 Rxc1 19. Rxc1 Be6 20. Rc7 Qxd4
21. Nxd4 Nc5 22. Rxa7 h6 23. h4 Bd5 24. g3 Ne4 25. Ra6 Rb8 26. Nf5 Rb7 27. Bf3
Nf6 28. Bxd5 Nxd5 29. Kg2 Kh7 30. Kf3 Nb4 31. Ra4 Nc6 32. Nd6 Rd7 33. Nb5 Rb7
34. Ke4 g5 35. Kd5 Na5 36. Kd6 f6 37. Re4 Kg6 38. b4 gxh4 39. Rxh4 Kg5 40. Nc3
Ra7 41. bxa5 Rxa5 42. f4+ Kg6 43. a4 Rc5 44. Nd5 1-0

[Event "Challenge"]
[Site "http://www.queenalice.com/game.php?id=1862652"]
[Date "2025.9.6"]
[Round "-"]
[White "PaulMSains"]
[Black "simonjscott"]
[Result "1-0"]
[WhiteElo "2058"]
[BlackElo "2185"]

1. d4 Nf6 2. Bf4 d5 3. Nf3 e6 4. e3 c5 5. Bb5+ Bd7 6. Bxd7+ Nbxd7 7. O-O Be7 8.
Nc3 O-O 9. Re1 Re8 10. e4 cxd4 11. Qxd4 Bc5 12. Qd1 Nh5 13. Be3 dxe4 14. Bxc5
Nxc5 15. Qxd8 Rexd8 16. Nxe4 Nxe4 17. Rxe4 Nf6 18. Rd4 h6 19. Rad1 Rd5 20. Rxd5
Nxd5 21. c4 Nf6 22. b3 b6 23. Ne5 Rc8 24. h3 Kf8 25. Nd7+ Ke7 26. Nxf6 Kxf6 27.
Rd7 Ra8 28. g4 g5 29. Kg2 Kg6 30. Kg3 e5 31. Kf3 f6 32. Ke4 a6 33. a4 b5 34. Rb7
bxa4 35. bxa4 Rc8 36. Kd5 Rd8+ 37. Kc5 Rd2 38. Ra7 Rxf2 39. Rxa6 h5 40. gxh5+
Kxh5 41. Re6 Kg6 42. a5 Kf7 43. Rd6 Ke7 44. a6 Ra2 45. Rc6 f5 46. Kb6 e4 47.
Rc7+ Ke6 48. a7 e3 49. Rc6+ Ke5 50. Kb7 e2 51. Rc8 f4 52. Re8+ Kd4 53. Rxe2
Rxa7+ 54. Kxa7 Kxc4 55. Rg2 Kd3 56. Rxg5 f3 57. Rf5 Ke2 58. h4 f2 59. h5 1-0

[Event "Challenge"]
[Site "http://www.queenalice.com/game.php?id=1863078"]
[Date "2025.9.16"]
[Round "-"]
[White "simonjscott"]
[Black "PaulMSains"]
[Result "1-0"]
[WhiteElo "2178"]
[BlackElo "2067"]

1. d4 d5 2. c4 dxc4 3. Nf3 e6 4. e3 Bb4+ 5. Bd2 Bxd2+ 6. Qxd2 Nf6 7. Nc3 O-O 8.
Bxc4 Nc6 9. O-O Re8 10. Rac1 Na5 11. Bd3 b6 12. Qc2 Bb7 13. Ng5 g6 14. Rfd1 Nd5
15. Nxd5 Qxg5 16. Nf4 c5 17. Bf1 cxd4 18. Rxd4 e5 19. Nh3 Qe7 20. Rd2 Bc8 21. f4
Bxh3 22. gxh3 exf4 23. exf4 Qe3+ 24. Rf2 Qe6 25. b3 Rac8 26. Qb2 Rxc1 27. Qxc1
Rc8 28. Qd2 Rc5 29. Re2 Qf5 30. Re8+ Kg7 31. Qd4+ Kh6 32. Qd6 Rc6 33. Qf8+ 1-0

[Event "Challenge"]
[Site "http://www.queenalice.com/game.php?id=1863129"]
[Date "2025.9.18"]
[Round "-"]
[White "PaulMSains"]
[Black "simonjscott"]
[Result "0-1"]
[WhiteElo "2079"]
[BlackElo "2169"]

1. Nf3 Nf6 2. g3 g6 3. Bg2 Bg7 4. O-O O-O 5. d3 d6 6. e4 c5 7. Be3 Nc6 8. c4 Ng4
9. Qe2 Nxe3 10. Qxe3 Bxb2 11. Nbd2 Bxa1 12. Rxa1 Bg4 13. Qh6 Bxf3 14. Nxf3 f6
15. Bh3 Nd4 16. Nh4 Qe8 17. f4 Qf7 18. Ng2 Qg7 19. Qh4 Nf3+ 0-1

[Event "Challenge"]
[Site "http://www.queenalice.com/game.php?id=1863271"]
[Date "2025.9.21"]
[Round "-"]
[White "PaulMSains"]
[Black "simonjscott"]
[Result "1/2-1/2"]
[WhiteElo "2055"]
[BlackElo "2187"]

1. e4 e5 2. Bc4 Nf6 3. Nf3 Nxe4 4. Nxe5 d5 5. Qf3 f6 6. Qh5+ g6 7. Nxg6 hxg6 8.
Bb5+ c6 9. Bxc6+ Nxc6 10. Qxh8 Qe7 11. O-O Qg7 12. Qh4 Bf5 13. d3 Nd6 14. Nc3
Be6 15. f3 O-O-O 16. Bd2 Be7 17. Qe1 Bf7 18. a4 a6 19. Na2 Re8 20. Qf2 d4 21. c3
Nf5 22. c4 Bd6 23. b4 Bxh2+ 24. Kxh2 Qh7+ 25. Kg1 Rh8 26. Qe2 Qh2+ 27. Kf2 Qg3+
28. Kg1 Qh2+ 29. Kf2 Qg3+ 30. Kg1 Qh2+ 1/2-1/2

[Event "Challenge"]
[Site "http://www.queenalice.com/game.php?id=1863274"]
[Date "2025.9.21"]
[Round "-"]
[White "simonjscott"]
[Black "PaulMSains"]
[Result "1-0"]
[WhiteElo "2191"]
[BlackElo "2049"]

1. d4 d5 2. c4 Nf6 3. Nc3 Nc6 4. Nf3 e6 5. Bg5 Be7 6. e3 O-O 7. Be2 dxc4 8. Bxc4
h6 9. Bh4 Nh7 10. Bxe7 Qxe7 11. O-O Qb4 12. Qb3 Qxb3 13. Bxb3 Na5 14. Nd2 Nxb3
15. Nxb3 b6 16. Rac1 Bb7 17. Nb5 c6 18. Nd6 Ba6 19. Rfe1 Bb5 20. Nxb5 cxb5 21.
Rc7 Nf6 22. Rec1 Nd5 23. Rb7 f5 24. Rc6 Rf7 25. Rxf7 Kxf7 26. Nd2 Kf6 27. a3 g5
28. Nf3 Ne7 29. Rc2 Ng6 30. Kf1 g4 31. Ne1 h5 32. Nd3 Rb8 33. Rc7 a5 34. b4 h4
35. g3 hxg3 36. hxg3 Nf8 37. Ke2 Kg5 38. Ne5 Ra8 39. Rb7 Ra6 40. Rg7+ Kh6 41.
Rg8 Nh7 42. Rg6+ Kh5 43. Rxe6 axb4 44. axb4 Ra2+ 45. Kd3 Rxf2 46. Rxb6 Rg2 47.
Rxb5 Rxg3 48. Nd7 Rf3 49. Ke2 Ng5 50. Ne5 Rh3 51. Rb8 Ne6 52. Rh8+ Kg5 53. Rxh3
gxh3 54. Kf2 Kh4 55. Nf3+ Kg4 56. d5 Nd8 57. b5 f4 58. e4 Nb7 59. e5 Kf5 60. d6
Ke6 61. Kg1 Kd7 62. Kh2 Nd8 63. Kxh3 Ne6 64. Kg4 Nd4 65. Nxd4 1-0

[Event "Challenge"]
[Site "http://www.queenalice.com/game.php?id=1863412"]
[Date "2025.9.26"]
[Round "-"]
[White "PaulMSains"]
[Black "simonjscott"]
[Result "0-1"]
[WhiteElo "2060"]
[BlackElo "2183"]

1. e4 e5 2. Nf3 Nf6 3. Nc3 Nc6 4. Bc4 Bc5 5. O-O O-O 6. d3 d6 7. h3 h6 8. Be3
Bxe3 9. fxe3 Na5 10. Nh2 Nxc4 11. dxc4 Be6 12. Nd5 Nxe4 13. Qd3 f5 14. g4 c6 15.
gxf5 Qg5+ 0-1

[Event "Challenge"]
[Site "http://www.queenalice.com/game.php?id=1863502"]
[Date "2025.9.27"]
[Round "-"]
[White "PaulMSains"]
[Black "simonjscott"]
[Result "1-0"]
[WhiteElo "2010"]
[BlackElo "2206"]

1. d4 d5 2. Bf4 c5 3. dxc5 Nc6 4. Nc3 Nf6 5. Nb5 Qa5+ 6. Nc3 d4 7. Bd2 dxc3 8.
Bxc3 Qxc5 9. e3 e5 10. a3 Be7 11. Nf3 Bg4 12. Be2 O-O 13. O-O Rad8 14. Qe1 Bxf3
15. Bxf3 e4 16. Be2 Rfe8 17. b4 Qf5 18. f3 exf3 19. Rxf3 Qxc2 20. h3 Qg6 21. Rg3
Qe4 22. Qf1 Ne5 23. Bb5 Bd6 24. Bxe8 Rxe8 25. Qxf6 Qxe3+ 26. Rxe3 gxf6 27. Rae1
Rc8 28. Bxe5 fxe5 29. Rd3 Bb8 30. Rd7 b6 31. Red1 Re8 32. Rd8 Kf8 33. R8d3 e4
34. Re3 Bf4 35. Re2 e3 36. Rd3 Re7 37. g3 Bh6 38. h4 f6 39. Kg2 Kf7 40. Kf3 Kg6
41. g4 Kf7 42. Rd5 Ke6 43. Rh5 1-0

[Event "Challenge"]
[Site "http://www.queenalice.com/game.php?id=1863622"]
[Date "2025.9.30"]
[Round "-"]
[White "simonjscott"]
[Black "PaulMSains"]
[Result "1-0"]
[WhiteElo "2199"]
[BlackElo "2019"]

1. d4 d5 2. c4 Bf5 3. Nf3 Bxb1 4. Rxb1 dxc4 5. e4 e6 6. Bxc4 Bb4+ 7. Bd2 Bxd2+
8. Qxd2 Ne7 9. O-O O-O 10. Rbc1 Nd7 11. Qc2 c6 12. h4 b5 13. Bd3 Ng6 14. Qxc6
Nb6 15. h5 Nf4 16. Qxb5 Nxh5 17. Qxh5 1-0

[Event "Challenge"]
[Site "http://www.queenalice.com/game.php?id=1863768"]
[Date "2025.10.3"]
[Round "-"]
[White "simonjscott"]
[Black "PaulMSains"]
[Result "1/2-1/2"]
[WhiteElo "2183"]
[BlackElo "2033"]

1. e4 e5 2. Nf3 Nc6 3. d4 exd4 4. Nxd4 Nxd4 5. Qxd4 d6 6. Bc4 Be6 7. O-O Bxc4 8.
Qxc4 Be7 9. Nd2 Nf6 10. Nf3 O-O 11. Qb3 b6 12. Be3 Nxe4 13. Rad1 Re8 14. Nd4 Qd7
15. Rfe1 d5 16. c4 c6 17. cxd5 Qxd5 18. Qxd5 cxd5 19. Nc6 Nf6 20. Nxe7+ Rxe7 21.
Bg5 Rae8 22. Kf1 Rxe1+ 23. Rxe1 Rxe1+ 24. Kxe1 Ne4 25. Bf4 a6 26. f3 Nc5 27. Kd2
f6 28. b3 Kf7 29. Kc3 Ke6 30. Kd4 Nd7 31. b4 b5 32. a3 g5 33. Bd2 h5 34. f4 g4
35. g3 f5 36. Bc1 Kd6 37. Be3 Nf6 38. Kd3 Nh7 39. Bc5+ Ke6 40. Bd4 Nf8 41. Be5
Ng6 42. Bc3 h4 43. Kd4 Kd6 44. Kd3 hxg3 45. hxg3 Ne7 46. Be5+ Kc6 47. Bc3 Nc8
48. Kd4 Nd6 49. Bd2 Ne4 50. Be1 Kd6 1/2-1/2

[Event "Challenge"]
[Site "http://www.queenalice.com/game.php?id=1863775"]
[Date "2025.10.4"]
[Round "-"]
[White "PaulMSains"]
[Black "simonjscott"]
[Result "1/2-1/2"]
[WhiteElo "2027"]
[BlackElo "2188"]

1. d4 Nf6 2. Bf4 b6 3. Nc3 Bb7 4. e3 e6 5. a3 Be7 6. Nf3 Nd5 7. Nxd5 Bxd5 8. Be2
d6 9. O-O Nd7 10. c4 Bb7 11. d5 e5 12. Bg3 Nc5 13. Qc2 O-O 14. b4 Nd7 15. Bd3
Nf6 16. Ng5 h6 17. Nh7 Nxh7 18. Bxh7+ Kh8 19. Be4 Bc8 20. f4 f5 21. Bd3 e4 22.
Be2 Bd7 23. Be1 Be8 24. Bc3 Bf6 25. Bxf6 Qxf6 26. Rac1 Bf7 27. Rfd1 Kh7 28. c5
dxc5 29. bxc5 Rfd8 30. cxb6 cxb6 31. Bc4 Rac8 32. Qb3 Rd6 33. g3 Bh5 34. Rd2 Be8
35. Rdc2 b5 36. Bxb5 Rxc2 37. Rxc2 Bxb5 38. Qxb5 Qa1+ 39. Kg2 Qxa3 40. Qc5 Qd3
41. Qxd6 Qxc2+ 42. Kh3 Qe2 43. Qc5 Qg4+ 44. Kg2 Qe2+ 45. Kh3 1/2-1/2

[Event "Challenge"]
[Site "http://www.queenalice.com/game.php?id=1864132"]
[Date "2025.10.13"]
[Round "-"]
[White "simonjscott"]
[Black "PaulMSains"]
[Result "1-0"]
[WhiteElo "2169"]
[BlackElo "2009"]

1. d4 d5 2. c4 e6 3. Nc3 Nf6 4. Bg5 Be7 5. Nf3 O-O 6. Qc2 h6 7. Bf4 Nc6 8. e3
Bd7 9. Be2 Nb4 10. Qb3 a5 11. a3 a4 12. Qd1 Na6 13. Nxa4 dxc4 14. Bxc4 b5 15.
Bxb5 Bxb5 16. Nc3 Bd7 17. O-O Bd6 18. Be5 Bxe5 19. Nxe5 Nh7 20. Qd3 f6 21. Ng6
Re8 22. Rac1 f5 23. Qc4 Qf6 24. Ne5 Re7 25. Nb5 Bxb5 26. Qxb5 c5 27. Nd7 Qf7 28.
Nxc5 Nxc5 29. dxc5 Rb7 30. Qe2 Rc8 31. b4 Ra7 32. Rc3 Qf6 33. Rfc1 Ng5 34. f3 e5
35. c6 Rac7 36. b5 Rb8 37. a4 Nf7 38. Qc4 Kh7 39. Qb3 Nd8 40. a5 e4 41. f4 g5
42. a6 Rbc8 43. Qa4 gxf4 44. exf4 Qd6 45. g3 Qd5 46. a7 Ra8 47. b6 Rxc6 48. Rxc6
Nxc6 49. Qxc6 Qd4+ 50. Kg2 Qd2+ 51. Kh3 Qe2 52. Qd7+ Kg8 53. Qe6+ 1-0

[Event "Challenge"]
[Site "http://www.queenalice.com/game.php?id=1864284"]
[Date "2025.10.15"]
[Round "-"]
[White "PaulMSains"]
[Black "simonjscott"]
[Result "0-1"]
[WhiteElo "2042"]
[BlackElo "2161"]

1. Nf3 Nf6 2. g3 g6 3. Bg2 Bg7 4. O-O O-O 5. d3 d6 6. Nc3 Nc6 7. e3 Bg4 8. Ne2
e5 9. e4 Qd7 10. Be3 d5 11. Bc5 Rfe8 12. Kh1 dxe4 13. dxe4 Nxe4 14. Qxd7 Bxd7
15. Ba3 Nf6 16. Nc3 a6 17. b3 Rad8 18. Bb2 Bf5 19. Rac1 Bh6 20. Rce1 Bxc2 21.
Bh3 Bd3 22. Rg1 e4 23. Nh4 Bd2 24. Ra1 e3 25. fxe3 Bxe3 26. Rgd1 Ne5 27. Ng2 Ba7
28. Nf4 Be4+ 29. Nxe4 Nxe4 30. Re1 Nf2+ 31. Kg2 Ned3 32. Rxe8+ Rxe8 33. Bf6
Nxf4+ 34. gxf4 Nxh3 35. Kxh3 h5 36. Rd1 Bc5 37. Rd7 Bd6 38. Bg5 b5 39. Kg3 Re3+
40. Kh4 Re8 41. Bh6 Kh7 42. Kg5 Be7+ 0-1

[Event "Challenge"]
[Site "http://www.queenalice.com/game.php?id=1864632"]
[Date "2025.10.22"]
[Round "-"]
[White "PaulMSains"]
[Black "simonjscott"]
[Result "1/2-1/2"]
[WhiteElo "1951"]
[BlackElo "2181"]

1. e4 e5 2. Bc4 Nf6 3. Nf3 Nxe4 4. Nxe5 d5 5. Bb3 Qf6 6. Nf3 Be6 7. O-O Be7 8.
d3 Nc5 9. c3 Nbd7 10. Bg5 Qg6 11. Bxe7 Kxe7 12. Nd4 Rhe8 13. Nxe6 fxe6 14. Re1
Kf8 15. Bc2 Qf6 16. d4 Ne4 17. Bxe4 dxe4 18. Rxe4 Kg8 19. Nd2 Rf8 20. Qf3 Qf5
21. Qxf5 exf5 22. Re7 Rf7 23. Rxf7 Kxf7 24. Re1 g6 25. Nf3 h6 26. Ne5+ Nxe5 27.
Rxe5 c6 28. f4 Kf6 29. Kf2 Rd8 30. Kf3 b6 31. g4 fxg4+ 32. Kxg4 Rd7 33. h4 h5+
34. Kf3 a5 35. Ke4 b5 36. f5 g5 37. hxg5+ Kxg5 38. b3 h4 39. f6+ Kxf6 40. Rh5
Re7+ 41. Kd3 Rf7 42. Rxh4 Kg5 43. Re4 Rf3+ 44. Re3 Rf2 45. Re2 Rf3+ 46. Kd2 Kf4
47. a3 Rf1 48. a4 bxa4 49. bxa4 Ra1 50. Re6 Rxa4 51. Rxc6 Ke4 52. Rc5 Ra2+ 53.
Kc1 a4 54. Kb1 Rd2 55. Ra5 Kd3 56. Rxa4 Kxc3 57. Kc1 1/2-1/2

[Event "Challenge"]
[Site "http://www.queenalice.com/game.php?id=1864635"]
[Date "2025.10.23"]
[Round "-"]
[White "simonjscott"]
[Black "PaulMSains"]
[Result "1-0"]
[WhiteElo "2176"]
[BlackElo "1958"]

1. d4 d5 2. Nf3 Bf5 3. Bf4 Nf6 4. e3 a6 5. c4 Bxb1 6. Rxb1 e6 7. Qb3 b6 8. Be2
Ne4 9. O-O Bd6 10. Bxd6 Qxd6 11. Rfd1 O-O 12. cxd5 Qxd5 13. Bc4 Qf5 14. Rbc1 b5
15. Bd3 Qd5 16. Qc2 c6 17. Bxe4 Qxa2 18. Bxh7+ Kh8 19. Be4 f5 20. Bxc6 Nxc6 21.
Qxc6 1-0

[Event "Challenge"]
[Site "http://www.queenalice.com/game.php?id=1864756"]
[Date "2025.10.26"]
[Round "-"]
[White "simonjscott"]
[Black "PaulMSains"]
[Result "1-0"]
[WhiteElo "2174"]
[BlackElo "1960"]

1. d4 d5 2. Nf3 Bf5 3. c4 Bxb1 4. Rxb1 dxc4 5. e4 e6 6. Qa4+ Nc6 7. Qxc4 Bb4+ 8.
Bd2 Bxd2+ 9. Kxd2 Nf6 10. Bd3 O-O 11. h3 h6 12. Ke3 Re8 13. Rbc1 Nd7 14. h4 Nb6
15. Qc3 a6 16. g4 Rc8 17. g5 h5 18. Bxa6 bxa6 19. Qxc6 g6 20. Rc3 Re7 21. Ne5
Qd6 22. Qxd6 cxd6 23. Rxc8+ Nxc8 24. Rc1 Re8 25. Nd7 Rd8 26. Nf6+ Kg7 27. Rc6 d5
28. e5 Ne7 29. Rxa6 Nf5+ 30. Kd3 Nxh4 31. b4 Nf3 32. Ra3 Nxg5 33. b5 h4 34. Rb3
h3 35. Ng4 Kf8 36. Nh2 Ke7 37. b6 Rb8 38. a4 Kd7 39. a5 Kc6 40. f3 Kb7 41. Rb5
Ka6 42. Rc5 Rb7 43. Kc3 Nh7 44. Kb4 Nf8 45. f4 Nd7 46. Rc3 f6 47. Rxh3 fxe5 48.
fxe5 Nf8 49. Ng4 Re7 50. Nf6 Rf7 51. Rc3 Nh7 52. Ne8 g5 53. Nc7+ Kb7 54. Nxe6 g4
55. Rc7+ Rxc7 56. bxc7 g3 57. a6+ Kc8 58. a7 Kd7 59. a8=Q 1-0

[Event "Challenge"]
[Site "http://www.queenalice.com/game.php?id=1864990"]
[Date "2025.11.1"]
[Round "-"]
[White "PaulMSains"]
[Black "simonjscott"]
[Result "0-1"]
[WhiteElo "2008"]
[BlackElo "2180"]

1. d4 Nf6 2. Nc3 d5 3. Bf4 Bf5 4. Nf3 e6 5. a3 a6 6. Nh4 Bg6 7. Nxg6 hxg6 8. Qd3
Nbd7 9. f3 c5 10. O-O-O cxd4 11. Qxd4 Bc5 12. Qd2 Rc8 13. e4 Nb6 14. Kb1 Qd7 15.
exd5 Nfxd5 16. Nxd5 Nxd5 17. Bg3 Qa4 18. Qd3 O-O 19. Qb3 Qxb3 20. cxb3 Ne3 21.
Rd7 Nxf1 22. Rxf1 b5 23. Bd6 Bxd6 24. Rxd6 Rfd8 25. Rxa6 Rd2 26. Rc1 Rcd8 27.
Rb6 Rxg2 28. Rxb5 Rdd2 29. Rc8+ Kh7 30. Rbb8 g5 31. a4 Rxb2+ 32. Ka1 Rbf2 0-1

[Event "Challenge"]
[Site "http://www.queenalice.com/game.php?id=1865265"]
[Date "2025.11.6"]
[Round "-"]
[White "simonjscott"]
[Black "PaulMSains"]
[Result "1/2-1/2"]
[WhiteElo "2169"]
[BlackElo "2023"]

1. d4 d5 2. Nf3 Bf5 3. c4 Nf6 4. Nc3 e6 5. Bg5 Be7 6. e3 Nbd7 7. Be2 O-O 8. O-O
Ne4 9. Bxe7 Qxe7 10. cxd5 Nxc3 11. bxc3 exd5 12. Qb3 Nb6 13. a4 c6 14. a5 Nc8
15. a6 Nb6 16. axb7 Qxb7 17. Ba6 Qc7 18. Ne5 f6 19. Nd3 Kh8 20. Nc5 Rab8 21. Bb7
Rxb7 22. Nxb7 Qxb7 23. Qa3 Ra8 24. Qc5 h6 25. Ra2 Bd3 26. Rfa1 Bc4 27. Ra3 a6
28. Rb1 Bb5 29. h3 Qc7 30. Rab3 Nd7 31. Qa3 Ra7 32. R1b2 Kh7 33. Qa1 g6 34. Ra3
Nb6 35. Rba2 h5 36. g3 Kh6 37. Kg2 g5 38. Qd1 f5 39. Qf3 Bd3 40. Qd1 Bc4 41. Ra1
f4 42. exf4 gxf4 43. Qd2 Kg5 44. h4+ Kf5 45. Qc2+ Kf6 46. Qd2 Kf5 47. Qc2+ Kf6
48. Qd2 Kf5 1/2-1/2

[Event "Challenge"]
[Site "http://www.queenalice.com/game.php?id=1865269"]
[Date "2025.11.7"]
[Round "-"]
[White "PaulMSains"]
[Black "simonjscott"]
[Result "1-0"]
[WhiteElo "1999"]
[BlackElo "2187"]

1. d4 Nf6 2. Nc3 g6 3. e4 d6 4. Bd3 Bg7 5. Nf3 O-O 6. O-O Bg4 7. h3 Bd7 8. Be3
Nc6 9. a3 Qc8 10. Kh2 a6 11. Ng1 Rb8 12. f4 e6 13. Qf3 d5 14. e5 Ne8 15. g4 f6
16. Qg3 fxe5 17. fxe5 b5 18. Qh4 Rxf1 19. Rxf1 Qb7 20. Bh6 Bxh6 21. Qxh6 Ng7 22.
Nge2 b4 23. axb4 Nxb4 24. Nc1 Bb5 25. Qf4 c6 26. Bxb5 axb5 27. Qf2 Qe7 28. N3a2
Nxa2 29. Nxa2 b4 30. b3 Qa7 31. c3 bxc3 32. Nxc3 Qb6 33. Qf7+ 1-0

[Event "Challenge"]
[Site "http://www.queenalice.com/game.php?id=1865513"]
[Date "2025.11.13"]
[Round "-"]
[White "PaulMSains"]
[Black "simonjscott"]
[Result "1/2-1/2"]
[WhiteElo "2051"]
[BlackElo "2165"]

1. d4 Nf6 2. Bf4 e6 3. Nf3 b6 4. e3 Bb7 5. Be2 Be7 6. Nbd2 c5 7. O-O Nc6 8. c3
O-O 9. h3 h6 10. Nh2 Rc8 11. Ng4 Nd5 12. Bg3 f5 13. Ne5 Nxe5 14. Bxe5 Nf6 15.
Bf3 Bxf3 16. Nxf3 Qe8 17. Nh2 cxd4 18. Bxd4 Ne4 19. Qe1 Bd6 20. f4 Qg6 21. Rf3
Be7 22. Rd1 d5 23. Nf1 Rc7 24. Ng3 Bh4 25. Kh2 Bxg3+ 26. Rxg3 Nxg3 27. Qxg3
Qxg3+ 28. Kxg3 g5 29. Be5 Rc4 30. b3 Re4 31. Kf3 b5 32. Bd4 a6 33. a3 Rc8 34. g3
Kf7 35. Rh1 Kg6 36. g4 Rc7 37. b4 Rc4 38. Rf1 Rc7 39. Kg3 Rf7 40. Rf2 Rc7 41.
Rf3 Rf7 42. Rf2 Rc7 1/2-1/2

[Event "Challenge"]
[Site "http://www.queenalice.com/game.php?id=1865581"]
[Date "2025.11.14"]
[Round "-"]
[White "simonjscott"]
[Black "PaulMSains"]
[Result "1/2-1/2"]
[WhiteElo "2162"]
[BlackElo "2056"]

1. d4 d5 2. Nf3 Bf5 3. c4 e6 4. Nc3 Bb4 5. Qb3 Nc6 6. a3 Bxc3+ 7. bxc3 b6 8.
cxd5 exd5 9. Bf4 Nge7 10. e3 O-O 11. Be2 Na5 12. Qa4 Bd7 13. Qd1 c5 14. O-O c4
15. a4 Nb3 16. Ra3 b5 17. axb5 Bxb5 18. Rxb3 Ba4 19. Rb8 Bxd1 20. Rxd8 Bxe2 21.
Rxa8 Rxa8 22. Rb1 Nc6 23. Ne5 Nxe5 24. Bxe5 f6 25. Bd6 Bd3 26. Rb5 a5 27. Ba3 a4
28. h3 Rd8 29. Rb4 Bc2 30. Kf1 Kf7 31. Ke2 Kg6 32. Kd2 Bb3 33. Rb5 Rd7 34. Ra5
1/2-1/2

[Event "Challenge"]
[Site "http://www.queenalice.com/game.php?id=1865750"]
[Date "2025.11.18"]
[Round "-"]
[White "PaulMSains"]
[Black "simonjscott"]
[Result "0-1"]
[WhiteElo "2064"]
[BlackElo "2156"]

1. Nf3 Nf6 2. g3 g6 3. Bg2 Bg7 4. O-O O-O 5. d3 d6 6. c4 Be6 7. Nc3 Nc6 8. Bd2
Qc8 9. Ng5 Bd7 10. e4 h6 11. Nf3 Kh7 12. d4 Bh3 13. Re1 Bxg2 14. Kxg2 e6 15. a3
a6 16. b4 b6 17. Qc2 Qb7 18. d5 exd5 19. exd5 Na7 20. Rad1 Rfe8 21. Be3 Ng4 22.
Ne4 Nxe3+ 23. Rxe3 Rad8 24. Rde1 Qc8 25. Nh4 f5 26. Nc3 Rxe3 27. Rxe3 Re8 28.
Rf3 Re5 29. Ne2 Qe8 30. Nd4 c5 31. Ndxf5 gxf5 32. Nxf5 Rxf5 33. Rxf5 Kh8 34.
bxc5 dxc5 35. Qb3 Nc8 36. Qe3 Qxe3 37. fxe3 Nd6 38. Rf4 Kh7 39. Kf3 a5 40. e4
Nxc4 41. a4 Nd6 42. Ke2 Kg6 43. Rg4+ Kf7 44. Kf3 c4 45. Ke3 Bf6 46. Rf4 Ke7 47.
Rf1 b5 48. Kf4 b4 49. e5 Bg5+ 50. Kg4 Nb7 51. h4 Bd2 52. Rd1 c3 53. e6 c2 54.
Rf1 Nd6 0-1

[Event "Challenge"]
[Site "http://www.queenalice.com/game.php?id=1865840"]
[Date "2025.11.19"]
[Round "-"]
[White "simonjscott"]
[Black "PaulMSains"]
[Result "1/2-1/2"]
[WhiteElo "2159"]
[BlackElo "2060"]

1. d4 d5 2. c4 dxc4 3. Nf3 Bf5 4. Nc3 Nf6 5. Bf4 e6 6. e3 Bd6 7. Be5 Bxe5 8.
Nxe5 O-O 9. Bxc4 Nbd7 10. Nxd7 Qxd7 11. O-O Nd5 12. Re1 Nxc3 13. bxc3 b5 14. Bb3
a5 15. a4 c6 16. axb5 cxb5 17. Bc2 Bxc2 18. Qxc2 a4 19. Qd3 f5 20. Reb1 Rab8 21.
Rb4 Rb7 22. Kf1 Rfb8 23. g3 Qd5 24. Ke2 g5 25. h4 g4 26. Kd2 Qf3 27. Qe2 Qxe2+
28. Kxe2 h5 29. Kd3 Kf7 30. e4 Kf6 31. e5+ Ke7 32. Ra3 Kd7 33. Ke3 Kc6 34. Kf4
Kd5 35. Ke3 Rb6 1/2-1/2